000 00219nam a22001097a 4500
020 _a9780439841177
082 _aK800
100 _aSTILTON, GERONIMO
245 _aTHE MUMMY WITH NO NAME-26
300 _a98P
942 _cBK
999 _c1265
_d1265